[Event "Eastern Asia-ch zt 3.3"]
[Site "Ulaanbaatar"]
[Date "2019.04.11"]
[Round "5"]
[White "Khin, Than"]
[Black "Tugstumur, Yesuntumur"]
[Result "0-1"]
[WhiteElo "2203"]
[BlackElo "2355"]
[PlyCount "110"]
[EventDate "2019.04.07"]
[EventType "swiss"]
[EventRounds "9"]
[EventCountry "MGL"]
[SourceTitle "CBM 189 Extra"]
[Source "ChessBase"]
[SourceDate "2019.06.03"]
[SourceVersion "1"]
[SourceVersionDate "2019.06.03"]
[SourceQuality "1"]

1. d4 Nf6 2. Nf3 g6 3. Bg5 Bg7 4. Nbd2 0-0 5. e3 d6 6. Bd3 Nbd7 7. 0-0 b6 8. h3 Bb7 9. c3 Qe8 10. e4 e5 11. Re1 h6 12. Bh4 Nh5 13. Qc2 Rc8 14. Rad1 exd4 15. cxd4 g5 16. Bg3 Nxg3 17. fxg3 c5 18. Nc4 Qe7 19. Qf2 Rfe8 20. dxc5 Nxc5 21. Bb1 Red8 22. Nd4 Bxd4 23. Qxd4 Ne6 24. Qd3 Ba6 25. e5 Nf8 26. exd6 Qf6 27. b3 Bxc4 28. bxc4 Rc6 29. Rf1 Qe6 30. Qf3 Rcxd6 31. Rc1 Rd4 32. Rfe1 Rxc4 33. Kh2 Rxc1 34. Rxc1 Qe5 35. Bc2 Kg7 36. Bb3 Rd7 37. Rf1 Ng6 38. Bxf7 h5 39. Kh1 g4 40. Qf2 b5 41. Bb3 a5 42. Bc2 gxh3 43. gxh3 Qd5+ 44. Kg1 Qe5 45. h4 b4 46. Qf3 Rc7 47. Bd3 a4 48. Bb1 Re7 49. Kh1 Qe6 50. Bf5 Qe2 51. Qf2 Qxf2 52. Rxf2 Re1+ 53. Kg2 Ne5 54. Rb2 Kf6 55. Kf2 Kxf5 0-1

[Event "Eastern Asia-ch zt 3.3"]
[Site "Ulaanbaatar"]
[Date "2019.04.10"]
[Round "4"]
[White "Lkhagvasuren, Tsedvee"]
[Black "Khin, Than"]
[Result "1-0"]
[WhiteElo "2336"]
[BlackElo "2203"]
[PlyCount "55"]
[EventDate "2019.04.07"]
[EventType "swiss"]
[EventRounds "9"]
[EventCountry "MGL"]
[SourceTitle "CBM 189 Extra"]
[Source "ChessBase"]
[SourceDate "2019.06.03"]
[SourceVersion "1"]
[SourceVersionDate "2019.06.03"]
[SourceQuality "1"]

1. c4 e5 2. Nc3 Nc6 3. Nf3 Nf6 4. g3 Bb4 5. Bg2 0-0 6. 0-0 Re8 7. Ne1 d6 8. Nd5 Nxd5 9. cxd5 Ne7 10. Nc2 Bc5 11. b4 Bb6 12. d4 exd4 13. Nxd4 Nf5 14. Nb3 Qf6 15. e4 Nd4 16. Be3 Nb5 17. Qd3 Bd7 18. Rac1 Qb2 19. a4 Na3 20. b5 a6 21. Bd4 Bxd4 22. Nxd4 axb5 23. Rxc7 Rxa4 24. Rxd7 Rxd4 25. Qf3 Rf8 26. Bh3 Ra4 27. Qxf7+ Rxf7 28. Rd8+ 1-0

[Event "Olympiad-43"]
[Site "Batumi"]
[Date "2018.09.27"]
[Round "4.39"]
[White "Mikkelsen, Nikolaj"]
[Black "Khin, Than"]
[Result "1/2-1/2"]
[WhiteElo "2467"]
[BlackElo "2200"]
[PlyCount "101"]
[EventDate "2018.09.24"]
[EventType "team-swiss"]
[EventRounds "11"]
[EventCountry "GEO"]
[SourceTitle "CBM 187"]
[Source "ChessBase"]
[SourceDate "2018.12.11"]
[SourceVersion "1"]
[SourceVersionDate "2018.12.11"]
[SourceQuality "1"]
[WhiteTeam "Denmark"]
[BlackTeam "Myanmar"]
[WhiteTeamCountry "DEN"]
[BlackTeamCountry "MYA"]

1. e4 e5 2. Nf3 Nc6 3. Bb5 a6 4. Ba4 Nf6 5. 0-0 Be7 6. d3 d6 7. c3 b5 8. Bc2 0-0 9. Re1 Bb7 10. Nbd2 Nd7 11. Nf1 Bf6 12. h3 Re8 13. N3h2 Ne7 14. Ng4 Ng6 15. Nxf6+ Nxf6 16. Ng3 d5 17. Qf3 h6 18. Nf5 c5 19. Rd1 Qb6 20. a4 Rad8 21. axb5 axb5 22. Be3 d4 23. Bd2 Qc6 24. c4 bxc4 25. Ba4 Qe6 26. Bxe8 Rxe8 27. Ng3 Nh4 28. Qe2 cxd3 29. Qxd3 c4 30. Qe2 Rc8 31. Kh2 c3 32. bxc3 dxc3 33. Bc1 c2 34. Re1 Qb3 35. Ra3 Qb1 36. Qd2 Rc4 37. Rc3 Rd4 38. Qxc2 Qxc2 39. Rxc2 Nxe4 40. Bb2 Rb4 41. Nxe4 Bxe4 42. Rc8+ Kh7 43. Bxe5 Bxg2 44. Rg1 Nf3+ 45. Kxg2 Nxe5 46. Rgc1 Rf4 47. R1c3 g5 48. Kg3 Kg7 49. Re3 f6 50. Rc5 Kg6 51. Rcxe5 1/2-1/2

[Event "Yangon schev"]
[Site "Yangon"]
[Date "1999.02.10"]
[Round "11"]
[White "Khin, Than"]
[Black "Bu, Xiangzhi"]
[Result "1-0"]
[WhiteElo "2541"]
[BlackElo "2365"]
[PlyCount "53"]
[EventDate "1999.01.??"]
[EventType "schev"]
[EventRounds "14"]
[EventCountry "BUR"]
[SourceTitle "EXT 2000"]
[Source "ChessBase"]
[SourceDate "1999.11.16"]
[SourceVersion "1"]
[SourceVersionDate "1999.11.16"]
[SourceQuality "1"]

1. e4 c5 2. c3 d5 3. exd5 Qxd5 4. d4 Nf6 5. Nf3 Bg4 6. dxc5 Qxd1+ 7. Kxd1 e5 8. b4 e4 9. h3 Bh5 10. g4 Bxg4 11. hxg4 exf3 12. Bh3 Be7 13. Nd2 Nc6 14. Re1 h5 15. g5 Ng4 16. Ne4 a5 17. Bxg4 hxg4 18. Nd6+ Kf8 19. b5 Na7 20. Bf4 Rh5 21. b6 Nc6 22. Nxb7 Bxg5 23. Bd6+ Be7 24. Rxe7 Nxe7 25. Kc2 Rh6 26. Nxa5 Rxd6 27. cxd6 1-0

[Event "Yangon schev"]
[Site "Yangon"]
[Date "1999.02.06"]
[Round "7"]
[White "Khin, Than"]
[Black "Ye, Naung Win Myint"]
[Result "1/2-1/2"]
[WhiteElo "2541"]
[BlackElo "2531"]
[PlyCount "69"]
[EventDate "1999.01.??"]
[EventType "schev"]
[EventRounds "14"]
[EventCountry "BUR"]
[SourceTitle "EXT 2000"]
[Source "ChessBase"]
[SourceDate "1999.11.16"]
[SourceVersion "1"]
[SourceVersionDate "1999.11.16"]
[SourceQuality "1"]

1. e4 c6 2. d4 d5 3. Nd2 dxe4 4. Nxe4 Nd7 5. Ng5 Ngf6 6. Bd3 e6 7. Qe2 Bd6 8. N1f3 Qe7 9. 0-0 h6 10. Ne4 Nxe4 11. Qxe4 Nf6 12. Qe2 b6 13. Ne5 Bb7 14. Bf4 0-0 15. Rad1 Rad8 16. Rfe1 c5 17. dxc5 Bxc5 18. c3 Bd6 19. Bb1 Bb8 20. h3 Rd5 21. Rxd5 Bxd5 22. c4 Ba8 23. Bd2 Rd8 24. Bc3 Qc7 25. Qc2 h5 26. f3 Qd6 27. b4 Bb7 28. Qc1 Nd7 29. Qc2 Nf6 30. Qf2 Nd7 31. Qh4 f6 32. Bh7+ Kxh7 33. Qxh5+ Kg8 34. Qf7+ Kh7 35. Qh5+ 1/2-1/2